Islamiconomic: Jurnal Ekonomi Islam | Universitas Islam Negeri Sultan Maulana Hasanuddin Banten

Detalles Bibliográficos
Formato: Electrónico Revista
Idioma:English
Publicado: Cambridge University Press
Acceso en liña:Full text available on Research4Life (HINARI,AGORA,OARE,ARDI & GOALI)
LEADER 00799cas a2200181 a 4500
001 AALejournalResearch4Life009693
008 240902c9999 xx r poo 0 0eng d
022 |a 20853696 
022 |a 25414127 
040 |a BD-DhAAL  |c BD-DhAAL 
245 0 0 |h [electronic resource]  |a Islamiconomic: Jurnal Ekonomi Islam | Universitas Islam Negeri Sultan Maulana Hasanuddin Banten 
260 |b Cambridge University Press 
300 |a 1 online resource 
362 0 |a 2013 - current issue 
500 |a <strong>On-Campus Access Only (IP based access)</strong> 
506 |a Electronic access restricted to authorized BRAC University faculty, staff and students 
538 |a Mode of access: Internet 
856 4 0 |z Full text available on Research4Life (HINARI,AGORA,OARE,ARDI & GOALI)  |u http://www.journal.islamiconomic.or.id